|
|
|
|
| LEADER |
00000cas a22000004a 4500 |
| 001 |
vtls008881847 |
| 003 |
SK-MaSNL |
| 005 |
20260228162214.0 |
| 008 |
020218d195u1990xr mr p 0 1 b0cze c |
| 022 |
|
|
|a 0322-8487
|
| 035 |
|
|
|a (SVKBB03)vtls000106218
|
| 040 |
|
|
|a SVKBB
|b slo
|c SVKBB
|d SNK
|e AACR2
|
| 041 |
0 |
|
|a cze
|
| 044 |
|
|
|a xr
|c CZ
|
| 072 |
|
7 |
|a 351
|x Úlohy verejnej správy, správne opatrenia. Legislatíva
|2 konspekt
|
| 072 |
|
7 |
|a 378
|x Vysoké školy
|2 konspekt
|
| 080 |
|
|
|a 351.851
|2 2011
|
| 080 |
|
|
|a 378
|2 2011
|
| 210 |
0 |
|
|a Vysoká šk.
|
| 222 |
|
0 |
|a Vysoká škola
|
| 245 |
0 |
0 |
|a Vysoká škola
|b měsičník pro otázky práce a rozvoje vysokých škol : orgán Státního výboru pro vysoké školy
|
| 260 |
|
|
|a Praha
|b Státní pedagogické nakladatelství
|
| 300 |
|
|
|a zv.
|c 25 cm
|
| 310 |
|
|
|a 10x ročne
|
| 321 |
|
|
|a 12x ročne
|f 1952-1964
|
| 550 |
|
|
|a Od roku 1967/68 vydáva Ministerstvo školství a kultury v Státním pedagogickém nakladatelství, Praha
|
| 650 |
0 |
7 |
|a vysoké školy
|2 SNKPH
|9 1277
|
| 770 |
0 |
|
|t Seznam skript
|x 0322-8436
|
| 785 |
0 |
0 |
|t Alma mater (Praha)
|x 1210-0544
|w vtls008640946
|
| 910 |
|
|
|a snk
|
| 999 |
|
|
|c 7126
|d 9056
|
| 952 |
|
|
|0 0
|1 1
|4 0
|7 0
|a SNK
|b SNK
|d 2001-11-13
|i snkČIP 5425/87
|l 0
|o snkČC 714/35/1986-87
|p 17A0321494
|r 2005-01-02 00:00:00
|w 2026-02-21
|y PREZ
|
| 952 |
|
|
|0 0
|1 1
|4 0
|7 0
|a SNK
|b SNK
|d 2001-11-13
|l 0
|o snkČC 714/15/1966-67
|p 17A0321049
|r 2005-01-02 00:00:00
|w 2026-02-21
|y PREZ
|
| 952 |
|
|
|0 0
|1 1
|4 0
|7 0
|a SNK
|b SNK
|d 1997-11-17
|l 0
|o snkČC 714/25/1976-77
|p 17A0109158
|r 2005-01-02 00:00:00
|w 2026-02-21
|y PREZ
|
| 952 |
|
|
|0 0
|1 1
|4 0
|7 0
|a SNK
|b SNK
|d 2001-11-13
|i snkČIP 1950/78
|l 0
|o snkČC 714/26/1977-78
|p 17A0321139
|r 2005-01-02 00:00:00
|w 2026-02-21
|y PREZ
|
| 952 |
|
|
|0 0
|1 1
|4 0
|7 0
|a SNK
|b SNK
|d 2001-11-13
|l 0
|o snkČC 714/8/1960
|p 17A0321550
|r 2005-01-02 00:00:00
|w 2026-02-21
|y PREZ
|
| 952 |
|
|
|0 0
|1 1
|4 0
|7 0
|a SNK
|b SNK
|d 2001-11-13
|l 0
|o snkČC 714/9/1961
|p 17A0321498
|r 2005-01-02 00:00:00
|w 2026-02-21
|y PREZ
|
| 952 |
|
|
|0 0
|1 1
|4 0
|7 0
|a SNK
|b SNK
|d 2001-11-13
|l 0
|o snkČC 714/10/1961-62
|p 17A0321576
|r 2005-01-02 00:00:00
|w 2026-02-21
|y PREZ
|
| 952 |
|
|
|0 0
|1 1
|4 0
|7 0
|a SNK
|b SNK
|d 2001-11-13
|l 0
|o snkČC 714/11/1962-63
|p 17A0321577
|r 2005-01-02 00:00:00
|w 2026-02-21
|y PREZ
|
| 952 |
|
|
|0 0
|1 1
|4 0
|7 0
|a SNK
|b SNK
|d 2001-11-13
|l 0
|o snkČC 714/12/1963-64
|p 17A0321442
|r 2005-01-02 00:00:00
|w 2026-02-21
|y PREZ
|
| 952 |
|
|
|0 0
|1 1
|4 0
|7 0
|a SNK
|b SNK
|d 2001-11-13
|l 0
|o snkČC 714/13/1964-65
|p 17A0321441
|r 2005-01-02 00:00:00
|w 2026-02-21
|y PREZ
|
| 952 |
|
|
|0 0
|1 1
|4 0
|7 0
|a SNK
|b SNK
|d 2001-11-13
|l 0
|o snkČC 714/14/1965-66
|p 17A0321580
|r 2005-01-02 00:00:00
|w 2026-02-21
|y PREZ
|
| 952 |
|
|
|0 0
|1 1
|4 0
|7 0
|a SNK
|b SNK
|d 2001-11-13
|l 0
|o snkČC 714/16/1967-68
|p 17A0321936
|r 2005-01-02 00:00:00
|w 2026-02-21
|y PREZ
|
| 952 |
|
|
|0 0
|1 1
|4 0
|7 0
|a SNK
|b SNK
|d 2001-11-13
|l 0
|o snkČC 714/24/1975-76
|p 17A0321052
|r 2005-01-02 00:00:00
|w 2026-02-21
|y PREZ
|
| 952 |
|
|
|0 0
|1 1
|4 0
|7 0
|a SNK
|b SNK
|d 2001-11-13
|l 0
|o snkČC 714/23/1974-75
|p 17A0321051
|r 2005-01-02 00:00:00
|w 2026-02-21
|y PREZ
|
| 952 |
|
|
|0 0
|1 1
|4 0
|7 0
|a SNK
|b SNK
|d 2001-11-13
|l 0
|o snkČC 714/32/1983-84
|p 17A0321050
|r 2005-01-02 00:00:00
|w 2026-02-21
|y PREZ
|
| 952 |
|
|
|0 0
|1 1
|4 0
|7 0
|a SNK
|b SNK
|d 2001-11-13
|l 0
|o snkČC 714/38/1989-90
|p 17A0321048
|r 2005-01-02 00:00:00
|w 2026-02-21
|y PREZ
|
| 952 |
|
|
|0 0
|1 1
|4 0
|7 0
|a SNK
|b SNK
|d 2001-11-13
|l 0
|o snkČC 714/29/1980-81
|p 17A0321040
|r 2005-01-02 00:00:00
|w 2026-02-21
|y PREZ
|
| 952 |
|
|
|0 0
|1 1
|4 0
|7 0
|a SNK
|b SNK
|d 2001-11-13
|i snkČIP 1105/82
|l 0
|o snkČC 714/30/1981-82
|p 17A0321123
|r 2005-01-02 00:00:00
|w 2026-02-21
|y PREZ
|
| 952 |
|
|
|0 0
|1 1
|4 0
|7 0
|a SNK
|b SNK
|d 2001-11-13
|i snkČIP 1765/83
|l 0
|o snkČC 714/31/1982-83
|p 17A0321445
|r 2005-01-02 00:00:00
|w 2026-02-21
|y PREZ
|
| 952 |
|
|
|0 0
|1 1
|4 0
|7 0
|a SNK
|b SNK
|d 2001-11-13
|l 0
|o snkČC 714/28/1979-80
|p 17A0321039
|r 2005-01-02 00:00:00
|w 2026-02-21
|y PREZ
|
| 952 |
|
|
|0 0
|1 1
|4 0
|7 0
|a SNK
|b SNK
|d 2001-11-13
|l 0
|o snkČC 714/27/1978-79
|p 17A0321038
|r 2005-01-02 00:00:00
|w 2026-02-21
|y PREZ
|
| 952 |
|
|
|0 0
|1 1
|4 0
|7 0
|a SNK
|b SNK
|d 2001-11-13
|l 0
|o snkČC 714/37/1988-89
|p 17A0321047
|r 2005-01-02 00:00:00
|w 2026-02-21
|y PREZ
|
| 952 |
|
|
|0 0
|1 1
|4 0
|7 0
|a SNK
|b SNK
|d 2001-11-13
|l 0
|o snkČC 714/34/1985-86
|p 17A0321578
|r 2005-01-02 00:00:00
|w 2026-02-21
|y PREZ
|
| 952 |
|
|
|0 0
|1 1
|4 0
|7 0
|a SNK
|b SNK
|d 2001-11-13
|l 0
|o snkČC 714/33/1984-85
|p 17A0321961
|r 2005-01-02 00:00:00
|w 2026-02-21
|y PREZ
|
| 952 |
|
|
|0 0
|1 1
|4 0
|7 0
|a SNK
|b SNK
|d 2001-11-13
|l 0
|o snkČC 714/36/1987-88
|p 17A0321046
|r 2005-01-02 00:00:00
|w 2026-02-21
|y PREZ
|
| 952 |
|
|
|0 0
|1 1
|4 0
|7 0
|a SNK
|b SNK
|d 2001-11-13
|l 0
|o snkČC 714/21/1972-73
|p 17A0321044
|r 2005-01-02 00:00:00
|w 2026-02-21
|y PREZ
|
| 952 |
|
|
|0 0
|1 1
|4 0
|7 0
|a SNK
|b SNK
|d 2001-11-13
|l 0
|o snkČC 714/20/1971-72
|p 17A0321043
|r 2005-01-02 00:00:00
|w 2026-02-21
|y PREZ
|
| 952 |
|
|
|0 0
|1 1
|4 0
|7 0
|a SNK
|b SNK
|d 2001-11-13
|l 0
|o snkČC 714/19/1970-71
|p 17A0321042
|r 2005-01-02 00:00:00
|w 2026-02-21
|y PREZ
|
| 952 |
|
|
|0 0
|1 1
|4 0
|7 0
|a SNK
|b SNK
|d 2001-11-13
|l 0
|o snkČC 714/18/1969-70
|p 17A0321041
|r 2005-01-02 00:00:00
|w 2026-02-21
|y PREZ
|
| 952 |
|
|
|0 0
|1 1
|4 0
|7 0
|a SNK
|b SNK
|d 2001-11-13
|l 0
|o snkČC 714/22/1973-74
|p 17A0321045
|r 2005-01-02 00:00:00
|w 2026-02-21
|y PREZ
|